La fiesta taurina (Record no. 136802)

MARC details
000 -LEADER
campo de control de longitud fija 00734nam a2200193 i 4500
001 - NÚMERO DE CONTROL
campo de control 136802
003 - IDENTIFICADOR DE NÚMERO DE CONTROL
campo de control ES-MaACL
005 - FECHA Y HORA DE LA ÚLTIMA TRANSACCIÓN
campo de control 20251222184316.0
007 - CAMPO FIJO DE DESCRIPCIÓN FÍSICA--INFORMACIÓN GENERAL
campo de control de longitud fija t|
008 - DATOS DE LONGITUD FIJA--INFORMACIÓN GENERAL
campo de control de longitud fija 070214s1972 sp r ||||1| spa d
100 1# - ENTRADA PRINCIPAL--NOMBRE DE PERSONA
Nombre de persona Saiz Valdivieso, Alfonso Carlos.
9 (RLIN) 101629
245 13 - MENCIÓN DEL TÍTULO
Título La fiesta taurina
Resto del título : (una pasión ibérica)... / Alfonso Carlos Saiz Valdivielso, con la colaboración de Antonio S. de Navas ("Claridades") [y otros] ; prologado por Antonio Bienvenida.
260 ## - PUBLICACIÓN, DISTRIBUCIÓN, ETC.
Lugar de publicación, distribución, etc. Bilbao :
Nombre del editor, distribuidor, etc. Proyección,
Fecha de publicación, distribución, etc. 1972.
300 ## - DESCRIPCIÓN FÍSICA
Extensión 430 p., 20 lám. col. :
Otras características físicas il. ;
Dimensiones 28 cm.
650 #4 - PUNTO DE ACCESO ADICIONAL DE MATERIA--TÉRMINO DE MATERIA
Término de materia o nombre geográfico como elemento de entrada Corridas de toros.
9 (RLIN) 11370
700 ## - ENTRADA AGREGADA--NOMBRE PERSONAL
Nombre de persona Bienvenida, Antonio,
Fechas asociadas al nombre 1922-1975
9 (RLIN) 236922
852 ## - LOCALIZACIÓN
Ubicación ES-MaACL
Número de control de estantería C-43306
Sublocalización o colección R.82611
Holdings
Estatus retirado Estado de pérdida Estado de daño No para préstamo Biblioteca de origen Biblioteca actual Ubicación en estantería Fecha de adquisición Fuente de adquisición Total de préstamos Signatura topográfica completa Código de barras Visto por última vez Precio de reemplazo Tipo de ítem Koha
        Biblioteca del Ateneo de Madrid Biblioteca del Ateneo de Madrid Depósito 2 17/01/2008     C-43306 1142369 23/02/2023 23/02/2023 Libro impreso